Normal view
MARC view
- Rasiel E M & Friga P N
Entry Personal Name
001 - CONTROL NUMBER
- control field: 113486
003 - CONTROL NUMBER IDENTIFIER
- control field: OSt
005 - DATE AND TIME OF LATEST TRANSACTION
- control field: 20230125044515.0
008 - FIXED-LENGTH DATA ELEMENTS
- fixed length control field: 230125|| aca||aabn | a|a d
040 ## - CATALOGING SOURCE
- Original cataloging agency: OSt
- Transcribing agency: OSt
100 ## - HEADING--PERSONAL NAME
- Personal name: Rasiel E M & Friga P N
670 ## - SOURCE DATA FOUND
- Source citation: Work cat.: (OSt)90631: Rasiel E M 113485, The Mckinsey mind, 2002